000 00326nam a22001457a 4500
008 210511b ||||| |||| 00| 0 eng d
020 _a9781449697495
041 _aeng
080 _23rd
_a610.73
082 _a610.73
100 _a1
101 _aINF
245 _aEvidence Based Nursing
_cSarah J. Brown
942 _2udc
_cBK
999 _c57183
_d57183